| 000 | 00614nam a2200205 a 4500 | ||
|---|---|---|---|
| 001 | 000024146 | ||
| 005 | 20200930022746.0 | ||
| 008 | 110119s1973 ve r 000 p spa d | ||
| 040 |
_aDO-SdBNP _bspa _cBNPHU |
||
| 082 |
_aVe861.44 _bM149r |
||
| 100 | 1 |
_aMachado, Luz, _d1916-1999. _917347 |
|
| 245 | 1 | 0 |
_aRetratos y tormentos : _bpoemas 1960-1972 / _cLuz Machado. |
| 260 |
_aCaracas, (Venezuela) : _bMonte Ávila Editores, _c[1973]. |
||
| 300 |
_c75 p. ; _c19 cm. |
||
| 490 | 1 | _aAltazor | |
| 650 | 4 |
_aPoesía venezolana _94230 |
|
| 650 | 4 |
_aLiteratura venezolana _93816 |
|
| 830 | 0 |
_aAltazor _98724 |
|
| 049 | _aBNGR | ||
| 999 |
_c23640 _d23640 |
||